000 01075nam a2200313 i 4500
003 EG-GICUC
005 20260417120414.0
008 260311s1935 fr |||fr|||| 00| 0 fre d
040 _aEG-GiCUC
_bfre
_cEG-GiCUC
_dEG-GiCUC
_eRda
041 0 _afre
082 0 4 _221
_a343.766
_bVI . C
092 0 4 _221
099 _aLaw1 10 343.766 VI, C 1935
100 1 _aVidal, Georges
_eAuteur
245 1 0 _aCours De Droit Criminel Et De Science Pénitentiaireb(Droit Pénal Général-procédure Pénale) /
_cPar Georges Vidal.
250 _aHuitième Édition
264 1 _aParis :
_bLibrairie Arthur Rousseau Rousseau,
_c1935.
300 _a1166 page ;
_c 24 cm.
336 _2rda contenu
_a texte
337 _2rda medias
_aOrdinateur
338 _2 transporteur rda
_a Ressource en ligne
546 _aTexte en français
650 1 _aPrisons Et Établissements Pénitentiaires Et Correctionnels
_2qrmak
650 1 _aDroit de pénal
_2qrmak
651 1 _2qrmak
856 4 0 _uhttps://fll.law.cu.edu.eg/fulltext/bks/B10-08214.pdf
905 _a54
942 _2ddc
_cBK
_e21
_n0
999 _c66047
_d66047